000 00786nam a2200229Ii 4500
003 JO-AjNU
008 230605s9999||||xx |||||||||||||| ||und||
017 _a2017/6/2917
020 _a977-9957-608-62-0
040 _aJO-AjNU
_bara
_erda
_cJO-AjNU
041 _aara
050 1 4 _aHG4026 2018
100 3 _aالحسناوي ، سالم صلال راهي ,
_eauthor
_957917
245 0 0 _aابحاث تطبيقية في الادارة المالية لمنشآت الاعمال
250 _aط1
264 3 1 _aعمان: الدار المنهجية للنشر، 2017
300 _a216ص
336 _atext
_btxt
_2rdacontent
337 _aunmediated
_bn
_2rdamedia
338 _avolume
_bnc
_2rdacarrier
650 4 _aادارة الاعمال -الادارة الماليه
_957918
999 _aA25982
_c29550
_d29550